MARC

Tag First Indicator Second Indicator Subfields
LEADER 00000cam a2200000 a 4500
001 in00000082785
005 20230327160727.3
008 800306s1979 waua b 101 0 engm
010 |a  80105549  
020 |a 0892522062 
035 |a (OCoLC)06144983 
035 |9 AAJ0025AM 
040 |a DLC  |c DLC  |d m.c.  |d OCL  |d TXA  |d UtOrBLW 
049 |a TXAM  |c [1195993] 
050 0 0 |a TA1632  |b .S64 
082 0 |a 621.36/7 
245 0 0 |a Smart sensors :  |b April 17-18, 1979, Washington, D.C. /  |c David F. Barbe, editor. 
264 1 |a Bellingham, Wash. :  |b Society of Photo-optical Instrumentation Engineers,  |c [1979] 
264 4 |c ©1979 
300 |a vi, 244 pages :  |b illustrations ;  |c 28 cm. 
336 |a text  |b txt  |2 rdacontent 
337 |a unmediated  |b n  |2 rdamedia 
338 |a volume  |b nc  |2 rdacarrier 
490 1 |a Proceedings of the Society of Photo-Optical Instrumentation Engineers ;  |v v. 178 
504 |a Includes bibliographical references and indexes. 
650 0 |a Image processing  |v Congresses. 
650 0 |a Optical data processing  |v Congresses. 
650 0 |a Signal processing  |v Congresses. 
650 0 |a Optical detectors  |v Congresses. 
700 1 |a Barbe, D. F.  |q (David F.),  |d 1939- 
710 2 |a Society of Photo-optical Instrumentation Engineers. 
830 0 |a Proceedings of SPIE--the International Society for Optical Engineering ;  |v v. 178. 
856 4 1 |u https://www.spiedigitallibrary.org/conference-proceedings-of-SPIE/0178.toc  |t 0 
999 |a MARS 
999 f f |s 5c721162-0e13-34ba-9cdd-b5abb6622da5  |i ed9c6473-dc18-356b-b412-e58585949581  |t 0 
952 f f |p ric  |a Texas A&M University  |b Rellis Campus  |c Joint Library Facility  |d Remote Storage  |t 0  |e TA1632 .S64  |h Library of Congress classification  |i unmediated -- volume  |m A14806244188 
998 f f |a TA1632 .S64  |t 0  |l Remote Storage